000
00356nam a2200169Ia 4500
100
_a
Dubey/N.H
650
_a
Engineering Drawing
942
_c
BK
366
_f
15
654
_a
engineering drawing
245
_a
Engineering Drawing
260
_b
Nandu Book House
_c
2015
082
_a
604.2
_b
DUB
300
_a
620
546
_a
ENGLISH
999
_c
29528
_d
29528